| 000 | 00665nam a22002057a 4500 | ||
|---|---|---|---|
| 082 |
_a620.112 _bZAM _cL-21, P-52 |
||
| 100 |
_aZaman, M.A _940794 |
||
| 245 |
_aA text book of engineering materials _cM.A Zaman |
||
| 260 |
_aPakistan : _bNational Book Stall, _c. |
||
| 300 | _a407 p. : | ||
| 526 |
_a0 _b0 _c0 _d620_112000000000000_ZAM |
||
| 526 |
_a0 _b0 _c0 _d620_112000000000000_ZAM |
||
| 526 |
_a0 _b0 _c0 _d620_112000000000000_ZAM |
||
| 526 |
_a0 _b0 _c0 _d620_112000000000000_ZAM |
||
| 526 |
_a0 _b0 _c0 _d620_112000000000000_ZAM |
||
| 526 |
_a0 _b0 _c0 _d620_112000000000000_ZAM |
||
| 526 |
_a0 _b0 _c0 _d620_112000000000000_ZAM |
||
| 650 |
_aMCE _9379 |
||
| 942 |
_2ddc _cBK |
||
| 999 |
_c545042 _d545042 |
||